Online
Catalog

El gran secreto de la carta de Colón : (Record no. 30311)

MARC details
000 -CABECERA
campo de control de longitud fija 00611nam a2200157 a 4500
001 - NÚMERO DE CONTROL
campo de control 000030819
005 - FECHA Y HORA DE LA ÚLTIMA TRANSACCIÓN
campo de control 20200930062529.0
008 - DATOS DE LONGITUD FIJA--INFORMACIÓN GENERAL
campo de control de longitud fija 110531s1959 es 000 0 spa d
040 ## - FUENTE DE LA CATALOGACIÓN
Centro catalogador/agencia de origen DO-SdBNP
Lengua de catalogación spa
Centro/agencia transcriptor BNPHU
049 ## - FONDOS LOCALES (OCLC)
Fondos de biblioteca BNPD
100 1# - ENTRADA PRINCIPAL--NOMBRE DE PERSONA
Nombre de persona Sanz, Carlos
Fechas asociadas al nombre 1903-1979
9 (RLIN) 41418
245 13 - MENCIÓN DE TÍTULO
Título El gran secreto de la carta de Colón :
Resto del título (crítica histórica) y otras adiciones a la Bibliotheca Americana Vetustissima /
Mención de responsabilidad, etc. Carlos Sanz.
260 ## - PUBLICACIÓN, DISTRIBUCIÓN, ETC.
Lugar de publicación, distribución, etc. Madrid :
Nombre del editor, distribuidor, etc. Librería General Victoriano Suárez,
Fecha de publicación, distribución, etc. 1959.
300 ## - DESCRIPCIÓN FÍSICA
Extensión 553 p. :
Otras características físicas il. ;
Dimensiones 26 cm.
500 ## - NOTA GENERAL
Nota general Incluye referencias bibliográficas y notas al pie de las páginas
Holdings
Estado de retiro Estado de pérdida Restricciones de uso No para préstamo Código de colección Localización permanente Ubicación/localización actual Ubicación en estantería Fecha de adquisición Número de inventario Total de préstamos Signatura topográfica completa Código de barras Fecha visto por última vez Precio válido a partir de Tipo de ítem Koha
      Excluido de préstamo Raros y valiosos Patrimonio Dominicano Patrimonio Dominicano En catalogación 31.05.2011 LF1   30819-10 25.06.2020 25.06.2020 No se presta

Powered by Koha